000 01217nam a2200361 i 4500
001 000011305
003 DO-SdBPM
005 20250624101045.0
007 ta
008 091016s2005 dr 000 0 spa d
020 _a9993479756
040 _aDO-SdBPM
_bspa
_cBPMSU
_drda
041 _aspa
082 4 _aRD863.08
_bV161c 2005
_222
100 1 _aValenzuela, Edgar
_eautor
_4aut.
245 1 0 _aCuentistas del Sur de la isla /
_cEdgar Valenzuela.
264 4 _aSanto Domingo :
_bEditorial Perla,
_c©2005.
300 _a176 páginas :
_bilustraciones, retratos ;
_c23 cm.
336 _atexto
_btxt
_2rdacontent
337 _asin mediación
_bn
_2rdamedia
338 _avolumen
_bnc
_2rdacarrier
500 _aIncluye datos biográficos del autor en la solapa de la cubierta
500 _aIncluye referencias bibliográficas y notas al pie de las páginas
504 _aBibliografía: páginas. 173 -176
590 _a
590 _aInventariado, 2025 /VM
650 7 _aCuentos dominicanos
_vColecciones
650 7 _aLiteratura dominicana.
650 7 _aAutores dominicanos
_xBiografías.
_z
650 z _aDominican literature
910 _aVMateo V. Control de calidad BPMSU
942 _2ddc
_cBK
999 _c15204
_d15204